000 00492nam a2200169 i 4500
001 101681
003 ES-MaACL
005 20230906182945.0
007 t|
008 051021s1974 sp ||||1| spa d
100 1 _aMehl, Roger.
_979814
245 1 0 _aTratado de sociología del protestantismo /
_cRoger Mehl; traducción del francés por Diorki.
260 _aMadrid :
_bStudium,
_c1974.
300 _a346 p. ;
_c21 cm.
710 2 _aDiorki.
_93392
852 _aES-MaACL
_jE-6636
_bR.90738
999 _c101681
_d101681